000
00263nam a2200097Ia 4500
001
1249936
005
20251031150846.0
008
251031s9999 xx 000 0 und d
245
0
_c
AHMET MELİH KARAUĞUZ
_a
A-4 HERKESE BİRAZ BAHAR GEREK
260
_b
UZAM YAYINLARI
999
_c
1249936
_d
1249936